000 00448nam a2200169 i 4500
001 50700
003 ES-MaACL
005 20230906162225.0
007 t|
008 030806s1959 sp ||||1| spa d
100 1 _aCue Romano, Ramón.
_941969
245 1 0 _aMatsumoto /
_cRamón Cue Romano.
250 _a[1ª ed.].
260 _aBarcelona :
_bJuventud,
_c[1959] (
_fAtenas)
300 _a216 p. ;
_c20 cm.
852 _aES-MaACL
_jC-16663
_bR.44872
999 _c50700
_d50700